[Event "Barnaul Lepikhin Memorial"]
[Site "Barnaul"]
[Date "2014.07.29"]
[Round "9"]
[White "Mykota, Sergey"]
[Black "Anufrienko, Daria"]
[Result "1/2-1/2"]
[WhiteElo "2157"]
[BlackElo "1988"]
[PlyCount "234"]
[EventDate "2014.07.21"]
[EventType "swiss"]
[EventRounds "9"]
[EventCountry "RUS"]
[SourceTitle "CBM 161 Extra"]
[Source "ChessBase"]
[SourceDate "2014.08.29"]
[SourceVersion "1"]
[SourceVersionDate "2014.08.29"]
[SourceQuality "1"]

1. Nf3 d5 2. g3 Nf6 3. Bg2 e6 4. 0-0 Be7 5. d3 c5 6. Nbd2 Nc6 7. c3 b6 8. a3 Bb7 9. b4 0-0 10. b5 Nb8 11. a4 a6 12. Bb2 axb5 13. axb5 Rxa1 14. Qxa1 Qc7 15. Qa4 Nbd7 16. Ra1 Ra8 17. Qd1 Rxa1 18. Qxa1 e5 19. c4 d4 20. Qa7 Bd8 21. Nh4 Bxg2 22. Qxc7 Bxc7 23. Nxg2 Ne8 24. e4 Nf8 25. Bc1 Ne6 26. Nf3 f6 27. h4 g6 28. Nfe1 f5 29. f3 Nf6 30. Bg5 Nxg5 31. hxg5 Ne8 32. Nh4 Nd6 33. exf5 gxf5 34. Kf2 Bd8 35. f4 e4 36. Ke2 Kf7 37. Nhg2 Kg6 38. Nh4+ Kh5 39. Kf2 Kg4 40. Kg2 Bc7 41. g6 hxg6 42. Nxg6 Nxc4 43. dxc4 d3 44. Kf2 d2 45. Nc2 d1N+ 46. Ke2 Nb2 47. Ne3+ Kxg3 48. Nxf5+ Kg4 49. Ne3+ Kh5 50. f5 Kg5 51. Nf8 Be5 52. Nd7 Bd4 53. f6 Bxf6 54. Nxb6 Be5 55. Nd7 Bd6 56. b6 Kg6 57. b7 Na4 58. Nd5 Kf7 59. Ke3 Ke6 60. b8Q Bxb8 61. Nxb8 Nb2 62. Nb6 Nxc4+ 63. Nxc4 Kd5 64. Nb6+ Kd6 65. Na4 Kd5 66. Nd7 c4 67. Nc3+ Ke6 68. Nc5+ Kf5 69. N5xe4 Ke5 70. Ng3 Kd6 71. Ke4 Ke6 72. Nh5 Kd6 73. Nf4 Ke7 74. Kf5 Kd6 75. Nfd5 Kc5 76. Ke5 Kc6 77. Nb4+ Kc5 78. Nc2 Kc6 79. Ke6 Kc7 80. Nd4 Kb6 81. Kd6 Kb7 82. Ne6 Kb6 83. Nd8 Ka5 84. Kc5 Ka6 85. Ne6 Ka5 86. Nd4 Ka6 87. Kc6 Ka5 88. Nc2 Ka6 89. Ne3 Ka5 90. Ned5 Ka6 91. Ne7 Ka5 92. Kc5 Ka6 93. Nf5 Kb7 94. Kd6 Kc8 95. Ng7 Kd8 96. Nf5 Ke8 97. Ke6 Kf8 98. Nd6 Kg7 99. Kf5 Kh6 100. Nde4 Kg7 101. Ng5 Kh6 102. Ne6 Kh5 103. Ng7+ Kh4 104. Kf4 Kh3 105. Nf5 Kg2 106. Ke3 Kf1 107. Ng3+ Kg2 108. Nge4 Kh3 109. Kf4 Kg2 110. Kg4 Kf1 111. Kg3 Ke1 112. Kf3 Kf1 113. Nf2 Ke1 114. Ke3 Kf1 115. Ng4 Kg2 116. Kf4 Kh3 117. Nf6 Kh4 1/2-1/2

[Event "Barnaul Lepikhin Memorial"]
[Site "Barnaul"]
[Date "2014.07.24"]
[Round "4"]
[White "Khabarov, Sergey"]
[Black "Mykota, Sergey"]
[Result "0-1"]
[WhiteElo "2344"]
[BlackElo "2157"]
[PlyCount "72"]
[EventDate "2014.07.21"]
[EventType "swiss"]
[EventRounds "9"]
[EventCountry "RUS"]
[SourceTitle "CBM 161 Extra"]
[Source "ChessBase"]
[SourceDate "2014.08.29"]
[SourceVersion "1"]
[SourceVersionDate "2014.08.29"]
[SourceQuality "1"]

1. c4 g6 2. Nc3 Bg7 3. d4 Nf6 4. e4 d6 5. Nf3 0-0 6. Be2 e5 7. d5 a5 8. 0-0 Na6 9. Bg5 h6 10. Bh4 Qe8 11. Nd2 Nh7 12. Rb1 h5 13. f3 Bd7 14. b3 Bh6 15. a3 Be3+ 16. Kh1 Bc5 17. Nb5 Qb8 18. Bf2 Bxf2 19. Rxf2 c6 20. Nc3 Qa7 21. Rf1 Nf6 22. b4 axb4 23. axb4 Qe3 24. Rb3 Qg5 25. c5 h4 26. cxd6 Nh5 27. Re1 Ng3+ 28. hxg3 hxg3 29. Nf1 Kg7 30. Bxa6 Rh8+ 31. Kg1 Qh4 32. Nxg3 Qxg3 33. Kf1 Rh2 34. Ke2 Rxg2+ 35. Ke3 Qf2+ 36. Kd3 Qd4# 0-1

[Event "Satka Summer op"]
[Site "Satka"]
[Date "2014.07.08"]
[Round "8"]
[White "Povolotsky, Evgeny"]
[Black "Mykota, Sergey"]
[Result "0-1"]
[WhiteElo "2081"]
[BlackElo "2157"]
[PlyCount "76"]
[EventDate "2014.07.02"]
[EventType "swiss"]
[EventRounds "9"]
[EventCountry "RUS"]
[SourceTitle "CBM 161 Extra"]
[Source "ChessBase"]
[SourceDate "2014.08.29"]
[SourceVersion "1"]
[SourceVersionDate "2014.08.29"]
[SourceQuality "1"]

1. d4 Nf6 2. c4 g6 3. Nc3 Bg7 4. Nf3 0-0 5. Bg5 d6 6. e3 Nbd7 7. Be2 c6 8. 0-0 h6 9. Bh4 g5 10. Bg3 Nh5 11. Qc2 Nxg3 12. hxg3 Nf6 13. b4 Bg4 14. Rab1 a6 15. b5 cxb5 16. cxb5 Qa5 17. bxa6 bxa6 18. Qb3 Rfc8 19. Bc4 Rxc4 20. Qxc4 Rc8 21. Qb4 Qxb4 22. Rxb4 Rxc3 23. Rb8+ Bc8 24. Rfb1 Ne4 25. Ra8 Kh7 26. Ne1 g4 27. Rd1 Bf6 28. Nd3 Be6 29. Nb4 Bc4 30. a4 Rb3 31. Nxa6 Rb2 32. Rc1 Bd3 33. Rb8 Rxf2 34. Nb4 Rb2 35. a5 Bg5 36. Kh2 Bxe3 37. Ra1 Bxd4 38. Rd1 Nf2 0-1

[Event "Satka Summer op"]
[Site "Satka"]
[Date "2014.07.05"]
[Round "4"]
[White "Alekseeva, Irina Kon"]
[Black "Mykota, Sergey"]
[Result "0-1"]
[WhiteElo "2013"]
[BlackElo "2157"]
[PlyCount "96"]
[EventDate "2014.07.02"]
[EventType "swiss"]
[EventRounds "9"]
[EventCountry "RUS"]
[SourceTitle "CBM 161 Extra"]
[Source "ChessBase"]
[SourceDate "2014.08.29"]
[SourceVersion "1"]
[SourceVersionDate "2014.08.29"]
[SourceQuality "1"]

1. e4 c5 2. Nf3 d6 3. d4 cxd4 4. Nxd4 Nf6 5. Nc3 a6 6. Be3 e6 7. f3 b5 8. Qd2 Bb7 9. g4 h6 10. 0-0-0 Nbd7 11. g5 hxg5 12. Bxg5 b4 13. Nce2 Qa5 14. Kb1 d5 15. Bxf6 gxf6 16. Ng3 0-0-0 17. Nb3 Qb6 18. Bd3 Kb8 19. exd5 Bxd5 20. Be4 f5 21. Bxd5 Nf6 22. Qf4+ Bd6 23. Qd4 Nxd5 24. Nxf5 Bxh2 25. Qxb6+ Nxb6 26. Rxd8+ Rxd8 27. Nfd4 Rh8 28. Nc6+ Kb7 29. Nxb4 Nc4 30. c3 a5 31. Nd3 Kb6 32. a4 Be5 33. Rxh8 Bxh8 34. f4 Kc6 35. Nbc5 Bf6 36. Ne4 Be7 37. b3 Kd5 38. bxc4+ Kxe4 39. Kc2 Bd6 40. c5 Bc7 41. Ne5 Bxe5 42. fxe5 Kxe5 43. c4 Kf6 44. Kd3 Ke7 45. Kd4 Kd7 46. Ke5 Kc6 47. Kf6 Kxc5 48. Kxf7 e5 0-1